| 000 | 01106nam a22002657a 4500 | ||
|---|---|---|---|
| 003 | OSt | ||
| 005 | 20250710120759.0 | ||
| 008 | 200123s2004 ag ||||br|||| 00| f spa d | ||
| 020 | _a9789875730021 | ||
| 040 |
_aCO-JMCR _cCO-JMCR |
||
| 041 | 0 | _aspa | |
| 082 |
_aN _bHUIo |
||
| 100 | 1 |
_aHuidobro, Norma, _eautora _931 |
|
| 245 | 1 | 0 |
_aOctubre, un crimen / _cNorma Huidobro |
| 250 | _aPrimera edición | ||
| 260 |
_aBuenos Aires : _bEdiciones SM, _c2004 |
||
| 300 |
_a202 páginas ; _c19 cm. |
||
| 490 | 0 |
_aEl barco de vapor. Serie roja ; _v4/A |
|
| 520 | _aAl principio solo fue un papel doblado en cuatro. Después supe que era una carta. Por supuesto que me sorprendí. Me imagino que alguien que cose un dobladillo no tiene por qué meter ni un papel ni nada debajo del doblez de tela. A menos que... quiera esconderlo. Y tenía razón: nadie mete un papel en el dobladillo de un vestido, a no ser que tenga un buen motivo... | ||
| 521 | _aMayores de 12 años | ||
| 586 | _aPremio El Barco de Vapor 2004 | ||
| 650 | 1 | 4 |
_aNovela argentina _932 |
| 650 | 1 | 4 |
_aNovela infantil _915 |
| 942 |
_2ddc _cBK |
||
| 999 |
_c6399 _d6399 |
||